[Event "Ufa Kopylov Memorial op-B 6th"]
[Site "Ufa"]
[Date "2009.12.17"]
[Round "2"]
[White "Vyrypaev, Evgeny"]
[Black "Absalyamova, Karina"]
[Result "0-1"]
[WhiteElo "2056"]
[BlackElo "1872"]
[PlyCount "90"]
[EventDate "2009.12.15"]
[EventType "swiss"]
[EventRounds "9"]
[EventCountry "RUS"]
[SourceTitle "EXT 2012"]
[Source "ChessBase"]
[SourceDate "2011.11.24"]
[SourceVersion "1"]
[SourceVersionDate "2011.11.24"]
[SourceQuality "1"]

1. e4 e6 2. d4 d5 3. e5 c5 4. c3 Nc6 5. Nf3 Qb6 6. a3 Bd7 7. b4 cxd4 8. cxd4 f6 9. Bb2 fxe5 10. dxe5 Nge7 11. Bd3 g6 12. h4 Bg7 13. Nbd2 0-0 14. Rc1 Nxe5 15. Bxe5 Bxe5 16. 0-0 Bg7 17. Qe2 Qd6 18. Nb3 e5 19. Ng5 e4 20. Bb5 h6 21. Nxe4 Bxb5 22. Nxd6 Bxe2 23. Rfe1 Bc4 24. Nc5 Nf5 25. Nxc4 dxc4 26. Rxc4 Rac8 27. Rg4 Kh7 28. Rd1 b6 29. Ne6 Rfe8 30. Nxg7 Kxg7 31. h5 Rc6 32. Rd5 Ne7 33. Rd7 a6 34. hxg6 b5 35. Ra7 Re6 36. Rg3 Rf8 37. a4 bxa4 38. Re3 Rxe3 39. fxe3 Re8 40. Rxa6 Nd5 41. Rxa4 Nxe3 42. b5 Rb8 43. Ra3 Nc4 44. Rc3 Nd6 45. Rc7+ Kxg6 0-1

[Event "Ufa Siamidi Memorial op"]
[Site "Ufa"]
[Date "2009.10.11"]
[Round "9"]
[White "Kopeikin, Yuri"]
[Black "Absalyamova, Karina"]
[Result "0-1"]
[WhiteElo "2163"]
[BlackElo "1875"]
[PlyCount "82"]
[EventDate "2009.10.03"]
[EventType "swiss"]
[EventRounds "9"]
[EventCountry "RUS"]
[SourceTitle "EXT 2011"]
[Source "ChessBase"]
[SourceDate "2010.11.26"]
[SourceVersion "1"]
[SourceVersionDate "2010.11.26"]
[SourceQuality "1"]

1. d4 Nf6 2. c4 e6 3. Nc3 Bb4 4. Qc2 c5 5. e3 0-0 6. a3 Bxc3+ 7. Qxc3 b6 8. Nf3 Bb7 9. Bd3 Ne4 10. Qc2 f5 11. b3 d6 12. Bb2 Nd7 13. 0-0-0 d5 14. Kb1 a5 15. a4 Qe7 16. h4 Ndf6 17. h5 Ng4 18. Rdf1 dxc4 19. bxc4 cxd4 20. exd4 Qb4 21. h6 Nxh6 22. Ne5 Nd2+ 23. Kc1 Nxf1 24. Rxf1 Nf7 25. f4 Nxe5 26. fxe5 Rac8 27. Bc3 Qe7 28. g4 Qg5+ 29. Kb2 Qxg4 30. d5 g6 31. Qf2 exd5 32. Qxb6 dxc4 33. Rg1 Bg2 34. Qe6+ Kh8 35. Qe7 Rb8+ 36. Ka1 Kg8 37. Qe6+ Kg7 38. Qd7+ Kh6 39. Bd2+ g5 40. Qd6+ Kh5 41. Be1 Qd1+ 0-1

[Event "Ufa Siamidi Memorial op"]
[Site "Ufa"]
[Date "2009.10.06"]
[Round "4"]
[White "Absalyamova, Karina"]
[Black "Shajakhmetov, Linat"]
[Result "1-0"]
[WhiteElo "1875"]
[BlackElo "2395"]
[PlyCount "77"]
[EventDate "2009.10.03"]
[EventType "swiss"]
[EventRounds "9"]
[EventCountry "RUS"]
[SourceTitle "EXT 2011"]
[Source "ChessBase"]
[SourceDate "2010.11.26"]
[SourceVersion "1"]
[SourceVersionDate "2010.11.26"]
[SourceQuality "1"]

1. c4 c5 2. g3 Nc6 3. Bg2 Nf6 4. Nc3 b6 5. e4 e5 6. Nge2 d6 7. 0-0 Be7 8. d3 Bd7 9. h3 Nd4 10. f4 a6 11. a4 0-0 12. f5 b5 13. axb5 axb5 14. Rxa8 Qxa8 15. g4 Ne8 16. Nd5 Bd8 17. Nxd4 cxd4 18. g5 bxc4 19. dxc4 Bc6 20. b4 Bxd5 21. exd5 Qc8 22. Qd3 f6 23. g6 hxg6 24. fxg6 f5 25. c5 dxc5 26. bxc5 Qxc5 27. Ba3 Qb6 28. Bxf8 Kxf8 29. Qxf5+ Bf6 30. Kh1 Qc7 31. h4 Qe7 32. Qh5 Qd6 33. Qh8+ Ke7 34. Ra1 Nc7 35. Qg8 Qc5 36. Qf7+ Kd8 37. Rb1 Nb5 38. Bh3 Qc7 39. Qf8# 1-0

[Event "Ufa Siamidi Memorial op"]
[Site "Ufa"]
[Date "2009.10.05"]
[Round "3"]
[White "Glidzhain, Gor Mikhailovich"]
[Black "Absalyamova, Karina"]
[Result "1-0"]
[WhiteElo "2185"]
[BlackElo "1875"]
[PlyCount "73"]
[EventDate "2009.10.03"]
[EventType "swiss"]
[EventRounds "9"]
[EventCountry "RUS"]
[SourceTitle "EXT 2011"]
[Source "ChessBase"]
[SourceDate "2010.11.26"]
[SourceVersion "1"]
[SourceVersionDate "2010.11.26"]
[SourceQuality "1"]

1. e4 e6 2. d4 d5 3. exd5 exd5 4. c4 Nf6 5. Nf3 Be7 6. Nc3 0-0 7. h3 Re8 8. Be2 c6 9. 0-0 Nbd7 10. Re1 Nf8 11. Ne5 Bf5 12. cxd5 cxd5 13. Bb5 Bd7 14. Bxd7 N8xd7 15. Qb3 Nb6 16. Bg5 Rc8 17. Rac1 h6 18. Bh4 Nh7 19. Bxe7 Rxe7 20. Nxd5 Rxe5 21. dxe5 Rxc1 22. Rxc1 Qxd5 23. Rc8+ Nf8 24. Qxd5 Nxd5 25. Rc5 Nb4 26. Rb5 Nxa2 27. Rxb7 a6 28. f4 Ne6 29. g3 Nc1 30. Kf2 Nc5 31. Rb8+ Kh7 32. Ke3 N1b3 33. f5 Na5 34. b4 Nc4+ 35. Kd4 Nd7 36. Re8 h5 37. Kxc4 1-0

[Event "Privolzhskogo FO-ch (Women)"]
[Site "Izhevsk"]
[Date "2009.01.06"]
[Round "4"]
[White "Absalyamova, Karina"]
[Black "Markelova, Lubov"]
[Result "1/2-1/2"]
[WhiteElo "1884"]
[BlackElo "1965"]
[PlyCount "101"]
[EventDate "2009.01.04"]
[EventType "swiss"]
[EventRounds "9"]
[EventCountry "RUS"]
[SourceTitle "EXT 2010"]
[Source "ChessBase"]
[SourceDate "2010.11.25"]
[SourceVersion "1"]
[SourceVersionDate "2010.11.25"]
[SourceQuality "1"]

1. d4 d5 2. Nf3 Nf6 3. c4 c6 4. cxd5 cxd5 5. Nc3 Nc6 6. Bf4 Ne4 7. Qa4 Nxc3 8. bxc3 Qa5 9. Qxa5 Nxa5 10. Nd2 Bd7 11. e4 Rc8 12. exd5 Rxc3 13. Ne4 Rc8 14. Nc5 e5 15. dxe6 Bxe6 16. Bb5+ Nc6 17. Nxb7 Bb4+ 18. Bd2 Bxd2+ 19. Kxd2 0-0 20. Bxc6 Rxc6 21. Na5 Rd6 22. Nb3 Rfd8 23. Kc3 Bxb3 24. axb3 Rxd4 25. Rxa7 Rd3+ 26. Kc4 Rd2 27. Rha1 Rc2+ 28. Kb4 Rb8+ 29. Ka3 Rxf2 30. Ra2 Rf4 31. Rc2 h5 32. g3 Rf3 33. Rb2 h4 34. gxh4 f5 35. Ra4 f4 36. Ka2 Rf1 37. b4 f3 38. Kb3 Re1 39. Rf2 Rf8 40. Raa2 Rf4 41. Rac2 Rb1+ 42. Ka2 Rbxb4 43. Rc3 Ra4+ 44. Kb1 Rfb4+ 45. Kc1 Ra1+ 46. Kd2 Ra2+ 47. Ke3 Rxf2 48. Kxf2 Rxh4 49. Kg3 f2 50. Rf3 Ra4 51. Rxf2 1/2-1/2